[Event "65th ch-RUS HL w 2015"]
[Site "Kaliningrad RUS"]
[Date "2015.06.28"]
[Round "6.6"]
[White "Gritsayeva, Oksana"]
[Black "Drogovoz, Irina"]
[Result "1/2-1/2"]
[WhiteTitle "WFM"]
[WhiteElo "2321"]
[BlackElo "2187"]
[WhiteFideId "14104652"]
[BlackFideId "4176715"]
[EventDate "2015.06.22"]

1. d4 Nf6 2. c4 g6 3. Nc3 d5 4. Nf3 Bg7 5. Bf4 O-O 6. Rc1 c5 7. dxc5 Qa5 8. cxd5
Rd8 9. Bd2 Qxc5 10. e4 Ng4 11. Qe2 Nd7 12. h3 Nge5 13. Nxe5 Bxe5 14. g3 Rb8 15.
Qb5 Qxb5 16. Bxb5 f5 17. exf5 gxf5 18. O-O a6 19. Bc4 b5 20. Bb3 Nc5 21. Bg5
Nxb3 22. axb3 Kf7 23. Rfe1 Bd6 24. Ne2 Bb4 25. Red1 Bb7 26. Rd4 Ba5 27. Nf4 Rbc8
28. Rcd1 Rc2 29. b4 Bb6 30. R4d2 Rxd2 31. Rxd2 Rd7 32. g4 fxg4 33. hxg4 Bc7 34.
Ne6 Bd6 35. Nc5 Bxc5 36. bxc5 Rxd5 37. Rxd5 Bxd5 38. Bd2 Bf3 39. g5 Ke6 40. Kh2
Kd5 41. Kg3 Bh5 42. Ba5 Kxc5 43. b4+ Kd5 1/2-1/2

[Event "65th ch-RUS HL w 2015"]
[Site "Kaliningrad RUS"]
[Date "2015.06.28"]
[Round "6.7"]
[White "Charochkina, Daria"]
[Black "Styazhkina, Anna"]
[Result "1/2-1/2"]
[WhiteTitle "IM"]
[BlackTitle "WIM"]
[WhiteElo "2398"]
[BlackElo "2214"]
[WhiteFideId "4180917"]
[BlackFideId "24119300"]
[EventDate "2015.06.22"]

1. Nf3 d5 2. g3 c6 3. Bg2 Bg4 4. O-O Nd7 5. d3 Ngf6 6. h3 Bxf3 7. exf3 e6 8. f4
Bd6 9. c4 O-O 10. Nc3 Qc7 11. Be3 Rfe8 12. Rc1 dxc4 13. dxc4 e5 14. fxe5 Bxe5
15. Re1 Nf8 16. Qc2 Ne6 17. Rcd1 Rad8 18. Qa4 a6 19. Ne2 c5 20. b4 Nd7 21. bxc5
Ndxc5 22. Qc2 Qa5 23. Bd5 Bf6 24. Rb1 Rc8 25. Bd2 Qc7 26. Kg2 Red8 27. Be3 b5
28. Red1 Na4 29. Qf5 Nb2 30. Bxe6 Nxd1 31. Bxc8 Nxe3+ 32. fxe3 Qxc4 33. Bxa6
Qxe2+ 34. Qf2 Rd2 35. Qxe2 Rxe2+ 36. Kf3 Rxa2 37. Rxb5 g6 38. Rb8+ Kg7 39. Bc4
Ra7 40. Bd5 Rd7 41. e4 Be5 42. Re8 Bc3 43. g4 h6 44. h4 Be1 45. h5 g5 46. Ke3
Bc3 47. Kd3 Bf6 48. Kc4 Re7 49. Ra8 Be5 50. Bc6 Bf4 51. Kd5 Bg3 52. Kc5 Bf4 53.
Ra5 Re5+ 54. Bd5 Re7 55. Kc6 Rc7+ 56. Kb5 Re7 57. Kc4 Be5 58. Bc6 Bf6 59. Rf5
Re5 60. Rf2 Re7 61. Bd5 Be5 62. Rf5 Bf4 63. Kd4 f6 64. Bc6 Re5 65. Rxe5 Bxe5+ 1/2-1/2

[Event "65th ch-RUS HL w 2015"]
[Site "Kaliningrad RUS"]
[Date "2015.06.28"]
[Round "6.8"]
[White "Balaian, Alina"]
[Black "Vasilevich, Tatjana"]
[Result "1-0"]
[WhiteTitle "WIM"]
[BlackTitle "IM"]
[WhiteElo "2261"]
[BlackElo "2397"]
[WhiteFideId "24115347"]
[BlackFideId "14101610"]
[EventDate "2015.06.22"]

1. e4 c5 2. Nc3 e6 3. Nf3 Qc7 4. d4 cxd4 5. Nxd4 Nc6 6. Be2 a6 7. Be3 Nf6 8. O-O
Bb4 9. Na4 Be7 10. Nxc6 bxc6 11. Nb6 Rb8 12. Nxc8 Qxc8 13. e5 Nd5 14. Bc1 c5 15.
Qd3 O-O 16. Qxa6 Qc7 17. f4 f6 18. Bg4 Nb4 19. Qe2 fxe5 20. c3 Nc6 21. f5 Qb6
22. fxe6 Rxf1+ 23. Kxf1 d5 24. Kg1 Rf8 25. Be3 e4 26. Rd1 d4 27. Bf2 e3 28. Bg3
Rd8 29. Bf5 g6 30. Be4 Na5 31. c4 Qxe6 32. Bd5 Rxd5 33. cxd5 Qxd5 34. Qxe3 Nc6
35. Qf3 Qd7 36. b3 Bf8 37. Bh4 Ne5 38. Qe4 Bg7 39. Qa8+ Bf8 40. Rf1 Nf7 41. Re1
g5 42. Bg3 Kg7 43. Qe8 Qd5 44. Qe6 Qb7 45. Rf1 Qa7 46. Be5+ Kg8 47. Rf5 Qe7 48.
Qxe7 Bxe7 49. Bf6 Bxf6 50. Rxf6 Ne5 51. Rf5 Nd3 52. Rxg5+ Kf7 53. Kf1 Kf6 54.
Rh5 Ke6 55. Rxh7 Nc1 56. Ra7 Kd5 57. Ke1 Nd3+ 58. Kd2 Ne5 59. h4 c4 60. Ra5+ Kd6
61. Rxe5 c3+ 62. Kd3 Kxe5 63. h5 Kf4 64. h6 c2 65. Kxc2 Ke3 66. Kd1 1-0

[Event "65th ch-RUS HL w 2015"]
[Site "Kaliningrad RUS"]
[Date "2015.06.28"]
[Round "6.9"]
[White "Tomilova, Elena"]
[Black "Belenkaya, Dina"]
[Result "1-0"]
[WhiteTitle "WIM"]
[BlackTitle "WFM"]
[WhiteElo "2329"]
[BlackElo "2213"]
[WhiteFideId "4162340"]
[BlackFideId "24142654"]
[EventDate "2015.06.22"]

1. Nf3 d5 2. g3 g6 3. Bg2 Bg7 4. O-O e5 5. c4 c6 6. Qa4 Ne7 7. cxd5 Nxd5 8. Nc3
O-O 9. d3 Nd7 10. Bg5 Qb6 11. Rab1 Re8 12. Rfc1 Nxc3 13. bxc3 Qc7 14. Qh4 Rb8
15. Nd2 b6 16. c4 f6 17. Be3 Bb7 18. c5 b5 19. Ne4 Red8 20. Bh3 f5 21. Nd6 Nf6
22. Bg5 Rxd6 23. cxd6 Qxd6 24. Bg2 Nd5 25. e4 fxe4 26. dxe4 Nb6 27. Rd1 Qe6 28.
Rb3 Rf8 29. Be7 Re8 30. Bc5 Bf6 31. Qh6 Qf7 32. Qc1 Nc4 33. Bf1 Bc8 34. Bxc4
bxc4 35. Ra3 a6 36. Ra4 Bg4 37. Re1 Be6 38. Rxa6 Bg7 39. Ra7 Qf3 40. Re3 Qh5 41.
Rea3 Bh6 42. Qc2 Qg4 43. f3 Qg5 44. Ra8 Rxa8 45. Rxa8+ Kf7 46. Ra7+ Kg8 47. Kf2
Qd8 48. h4 Bf8 49. Be3 Bb4 50. Qa4 Qd6 51. Rb7 Qd1 52. Qxd1 1-0

[Event "65th ch-RUS HL w 2015"]
[Site "Kaliningrad RUS"]
[Date "2015.06.28"]
[Round "6.10"]
[White "Korchenkova, Irina"]
[Black "Mirzoeva, Elmira"]
[Result "0-1"]
[WhiteTitle "WFM"]
[BlackTitle "WGM"]
[WhiteElo "2111"]
[BlackElo "2233"]
[WhiteFideId "24116319"]
[BlackFideId "4127951"]
[EventDate "2015.06.22"]

1. e4 c6 2. Nc3 d5 3. Nf3 Nf6 4. e5 Ne4 5. d4 Nxc3 6. bxc3 e6 7. Bd3 c5 8. O-O
Be7 9. Be3 O-O 10. Nd2 c4 11. Be2 Qa5 12. f4 Qxc3 13. Rf3 Nc6 14. Bf2 Qa5 15. c3
Bd7 16. Rh3 f5 17. exf6 Rxf6 18. Qb1 g6 19. Rf3 b5 20. Bh4 Rf7 21. Bxe7 Rxe7 22.
a3 Nxd4 23. cxd4 Qxd2 0-1

[Event "65th ch-RUS HL w 2015"]
[Site "Kaliningrad RUS"]
[Date "2015.06.28"]
[Round "6.11"]
[White "Rodionova, Daria"]
[Black "Khokhlova, Daria"]
[Result "1/2-1/2"]
[WhiteTitle "WFM"]
[WhiteElo "2223"]
[BlackElo "2160"]
[WhiteFideId "24136638"]
[BlackFideId "24182729"]
[EventDate "2015.06.22"]

1. e4 d5 2. exd5 Qxd5 3. Nc3 Qd6 4. d4 Nf6 5. Nf3 c6 6. Ne5 Nbd7 7. Nc4 Qc7 8.
Qf3 Nb6 9. Bf4 Qd7 10. Nxb6 axb6 11. O-O-O Qg4 12. Qe3 Nd5 13. Nxd5 cxd5 14.
Bb5+ Bd7 15. f3 Qg6 16. Bxd7+ Kxd7 17. Kb1 Rc8 18. Rd3 e6 19. Rc1 Rc6 20. Rc3
Bd6 21. Bxd6 Rxd6 22. Qe2 Rc8 23. Qb5+ Kd8 24. Rxc8+ Kxc8 25. Qe8+ Kc7 26. g3
Rc6 27. Qe7+ Kb8 28. Qf8+ Kc7 29. Qe7+ Kb8 30. Qa3 Rc4 31. Qf8+ Kc7 32. Qe7+ Kc8
33. Qe8+ Kc7 34. Qe7+ Kc8 35. Qe8+ Kc7 36. Qe7+ Kc8 1/2-1/2

[Event "65th ch-RUS HL w 2015"]
[Site "Kaliningrad RUS"]
[Date "2015.06.28"]
[Round "6.12"]
[White "Diakonova, Ekaterina"]
[Black "Protopopova, Anastasiya"]
[Result "1/2-1/2"]
[BlackTitle "WFM"]
[WhiteElo "2214"]
[BlackElo "2100"]
[WhiteFideId "24172936"]
[BlackFideId "24172073"]
[EventDate "2015.06.22"]

1. e4 e5 2. Nf3 Nc6 3. Nc3 Nf6 4. d4 exd4 5. Nxd4 Bb4 6. Nxc6 bxc6 7. Bd3 d6 8.
O-O Ng4 9. Bf4 Qh4 10. Qd2 O-O 11. h3 Ne5 12. Bg5 Qh5 13. Be2 Qg6 14. Qe3 f5 15.
Bd3 h6 16. Bf4 Nxd3 17. cxd3 fxe4 18. dxe4 Bxh3 19. Bg3 Bc5 20. Qd3 Bg4 21. Na4
Rae8 22. Nxc5 dxc5 23. Rae1 Be6 24. b3 Bd5 25. Bxc7 Bxe4 26. Qg3 Qf5 27. Bd6 Rf6
28. f3 Qd7 29. Bxc5 Bd3 30. Rxe8+ Qxe8 31. Re1 Re6 32. Rxe6 Qxe6 33. Bxa7 Bb1
34. Bd4 Qd7 35. Qe5 Bxa2 36. b4 Bd5 37. Kf2 Qf7 38. b5 cxb5 39. Qb8+ Kh7 40.
Qxb5 Qe6 41. Qd3+ 1/2-1/2

[Event "65th ch-RUS HL w 2015"]
[Site "Kaliningrad RUS"]
[Date "2015.06.29"]
[Round "7.1"]
[White "Savina, Anastasia"]
[Black "Kashlinskaya, Alina"]
[Result "1-0"]
[WhiteTitle "IM"]
[BlackTitle "IM"]
[WhiteElo "2422"]
[BlackElo "2432"]
[WhiteFideId "4196872"]
[BlackFideId "4198026"]
[EventDate "2015.06.22"]

1. Nf3 Nf6 2. c4 e6 3. Nc3 Bb4 4. g4 h6 5. Rg1 d5 6. Qa4+ Nc6 7. Ne5 Bd6 8. d4
Bxe5 9. dxe5 Nd7 10. cxd5 Nb6 11. Qf4 Nxd5 12. Nxd5 Qxd5 13. Bg2 Qb5 14. Bxc6+
Qxc6 15. g5 Bd7 16. Be3 O-O-O 17. Rc1 Qd5 18. gxh6 Rxh6 19. f3 Rh5 20. Rxg7 Qxa2
21. Rxf7 Qxb2 22. Qc4 Qxe5 23. Bf4 Qa5+ 24. Kf1 e5 25. Rxd7 c6 26. Rxb7 Rd6 27.
Rcb1 Qd5 28. Qa6 Kd8 29. Qxa7 Rd7 30. Rxd7+ Qxd7 31. Rb8+ 1-0

[Event "65th ch-RUS HL w 2015"]
[Site "Kaliningrad RUS"]
[Date "2015.06.29"]
[Round "7.2"]
[White "Guseva, Marina"]
[Black "Pustovoitova, Daria"]
[Result "1-0"]
[WhiteTitle "IM"]
[BlackTitle "FM"]
[WhiteElo "2410"]
[BlackElo "2351"]
[WhiteFideId "4149351"]
[BlackFideId "4182146"]
[EventDate "2015.06.22"]

1. d4 Nf6 2. c4 e6 3. Nc3 Bb4 4. Qc2 d5 5. a3 Bxc3+ 6. Qxc3 O-O 7. Bg5 dxc4 8.
Qxc4 b6 9. Rd1 Ba6 10. Qa4 Qd7 11. Qc2 Qc6 12. Qxc6 Nxc6 13. Bxf6 gxf6 14. e3
Bxf1 15. Kxf1 Na5 16. Nf3 Rac8 17. Ke2 Nc4 18. Rc1 Nxb2 19. Rc6 Rfd8 20. Rb1 Na4
21. Rc4 b5 22. Rxb5 Nb6 23. Rcc5 c6 24. Ra5 Rc7 25. Nd2 Rd5 26. Nb3 Nd7 27. Rc3
Rb7 28. Ra6 Nb8 29. Ra4 e5 30. g4 Kg7 31. Kf3 Kg6 32. Nc5 Rb5 33. Rxa7 exd4 34.
exd4 Rxd4 35. h3 Rd5 36. Nd3 Rd7 37. Ra8 Rd6 38. a4 Rb1 39. Nf4+ Kh6 40. Ng2 f5
41. gxf5 Nd7 42. Ne3 Ra1 43. Kg2 Kg7 44. Rc4 h5 45. Rd8 Kf6 46. Re4 Ra2 47. Rh8
Kg7 48. Rd8 Rdd2 49. Rf4 Kf6 50. Rh8 Ke5 51. Kg3 Rd3 52. Rxh5 Nf6 53. Rhh4 c5
54. Rc4 Kd6 55. Rh8 Rd4 56. Rd8+ Nd7 57. Ra8 Re2 58. Kg2 Rdd2 59. Re4 Rxf2+ 60.
Kg3 Ra2 61. Ra6+ Kc7 62. Nd5+ Kb7 63. Rd6 Rg2+ 64. Kh4 Rad2 65. Re7 Rd4+ 66. Kh5 1-0

[Event "65th ch-RUS HL w 2015"]
[Site "Kaliningrad RUS"]
[Date "2015.06.29"]
[Round "7.3"]
[White "Kovalevskaya, Ekaterina"]
[Black "Balaian, Alina"]
[Result "0-1"]
[WhiteTitle "IM"]
[BlackTitle "WIM"]
[WhiteElo "2461"]
[BlackElo "2261"]
[WhiteFideId "4116704"]
[BlackFideId "24115347"]
[EventDate "2015.06.22"]

1. Nf3 Nf6 2. g3 g6 3. Bg2 Bg7 4. O-O d5 5. d4 O-O 6. c4 dxc4 7. Na3 Na6 8. Nxc4
c5 9. dxc5 Be6 10. Nce5 Nxc5 11. Be3 Rc8 12. Bd4 Bd5 13. Nd3 Bxf3 14. Bxf6 Bxe2
15. Qxe2 Bxf6 16. Rad1 Qb6 17. b3 Qa6 18. Qe3 Nxd3 19. Rxd3 Qxa2 20. Bxb7 Rc7
21. Bd5 Kg7 22. Rfd1 Rfc8 23. Kg2 Rc2 24. b4 Qa6 25. Ra3 Qb6 26. Qxb6 axb6 27.
b5 Rd8 28. Rad3 e6 29. Bc6 Rxd3 30. Rxd3 Be7 31. g4 Bh4 32. Rf3 f5 33. gxf5 gxf5
34. Kf1 Kf6 35. Bd7 Rd2 36. Bc8 Rb2 37. Bd7 h6 38. Kg2 Ke7 39. Bc6 Rd2 40. Kf1
Kf6 41. Ke1 Ra2 42. Kf1 e5 43. Bd7 f4 44. Bc6 Kg5 45. Kg2 Rd2 46. Kf1 Kf5 47.
Ke1 Rb2 48. Bd7+ Kg5 49. Bc6 Rb4 50. h3 e4 51. Ra3 e3 52. Ra1 exf2+ 53. Kf1 Rb3
54. Kg2 Rg3+ 55. Kh2 f3 56. Rb1 Rg2+ 57. Kh1 Bg3 58. h4+ Kf6 0-1

[Event "65th ch-RUS HL w 2015"]
[Site "Kaliningrad RUS"]
[Date "2015.06.29"]
[Round "7.4"]
[White "Bodnaruk, Anastasia"]
[Black "Bivol, Alina"]
[Result "1/2-1/2"]
[WhiteTitle "IM"]
[BlackTitle "WIM"]
[WhiteElo "2428"]
[BlackElo "2354"]
[WhiteFideId "4181751"]
[BlackFideId "4100123"]
[EventDate "2015.06.22"]

1. e4 e6 2. d4 d5 3. Nc3 Bb4 4. e5 c5 5. a3 Ba5 6. b4 cxd4 7. Qg4 Kf8 8. Qxd4
Bb6 9. Qf4 Ne7 10. Bd3 Ng6 11. Bxg6 hxg6 12. Nf3 Kg8 13. Nb5 Qe7 14. Bb2 Nd7 15.
c4 Bd8 16. cxd5 exd5 17. Nd6 Nf8 18. h4 Be6 19. O-O Qd7 20. Rfd1 Rh5 21. Ne4 Be7
22. Ng3 Rh8 23. Ng5 Bxg5 24. hxg5 Qa4 25. Rdc1 a5 26. Qd4 Qb3 27. bxa5 Rxa5 28.
Bc3 Ra8 29. Bb4 Bd7 30. Bxf8 Rxf8 31. Rc7 Be6 32. Qb4 Qxb4 33. axb4 Rb8 34. f4
Kh7 35. Ne2 Rhc8 36. Rac1 Rxc7 37. Rxc7 b6 38. Nd4 Ra8 39. Rc6 Ra1+ 40. Kf2 Ra2+
41. Kg3 Bf5 42. Nxf5 gxf5 43. Rxb6 Rb2 44. g6+ fxg6 45. e6 Re2 46. b5 d4 47. Rd6
d3 48. b6 d2 49. b7 Re3+ 50. Kf2 Rxe6 51. Rxe6 d1=Q 52. b8=Q Qd2+ 53. Kg3 g5 54.
Re8 1/2-1/2

[Event "65th ch-RUS HL w 2015"]
[Site "Kaliningrad RUS"]
[Date "2015.06.29"]
[Round "7.5"]
[White "Drogovoz, Irina"]
[Black "Ovod, Evgenija"]
[Result "1-0"]
[BlackTitle "IM"]
[WhiteElo "2187"]
[BlackElo "2313"]
[WhiteFideId "4176715"]
[BlackFideId "4131827"]
[EventDate "2015.06.22"]

1. Nf3 e6 2. g3 b6 3. Bg2 Bb7 4. O-O c5 5. d3 d5 6. e4 dxe4 7. Ng5 Be7 8. Nxe4
Nc6 9. Qg4 g6 10. Qd1 f5 11. Nec3 Bf6 12. Re1 Kf7 13. Nd2 Nge7 14. Nc4 Ba6 15.
Ne3 Qd7 16. Ne2 g5 17. Rb1 h5 18. a3 Bb7 19. f4 g4 20. b4 cxb4 21. d4 Rad8 22.
d5 exd5 23. axb4 d4 24. Nc4 b5 25. Ne5+ Bxe5 26. fxe5 Nxe5 27. Nf4 Bf3 28. Nd3
N7g6 29. Nxe5+ Nxe5 30. Qd2 Nc4 31. Qf4 Bxg2 32. Kxg2 Qc6+ 33. Kg1 Rd5 34. Ra1
Qd7 35. Ra6 Nb6 36. Qg5 Rh7 37. Bf4 Kf8 38. Qf6+ Qf7 39. Bh6+ Kg8 40. Rxa7 Rd7
41. Rxd7 Nxd7 42. Qd8+ Nf8 43. Bxf8 Qd7 44. Re8 1-0

[Event "65th ch-RUS HL w 2015"]
[Site "Kaliningrad RUS"]
[Date "2015.06.29"]
[Round "7.6"]
[White "Matveeva, Svetlana"]
[Black "Charochkina, Daria"]
[Result "1-0"]
[WhiteTitle "IM"]
[BlackTitle "IM"]
[WhiteElo "2366"]
[BlackElo "2398"]
[WhiteFideId "4119827"]
[BlackFideId "4180917"]
[EventDate "2015.06.22"]

1. d4 Nf6 2. c4 e6 3. Nc3 Bb4 4. e3 b6 5. Ne2 c5 6. a3 Ba5 7. Bd2 O-O 8. Rb1 Na6
9. d5 b5 10. cxb5 Nc7 11. d6 Nce8 12. e4 e5 13. Ng3 Nxd6 14. Bg5 Qe7 15. Bd3 c4
16. Nh5 Qe6 17. Bxf6 gxf6 18. b4 cxd3 19. bxa5 f5 20. Qxd3 Bb7 21. Qg3+ Qg6 22.
Qxe5 Nc4 23. Qxf5 Bxe4 24. Nf6+ Kh8 25. Qxe4 Qxf6 26. Qxc4 Rac8 27. Ne4 Qg7 28.
Qd5 Qxg2 29. Kd2 Rce8 30. Rhe1 Qxh2 31. Rb3 Qf4+ 32. Rbe3 Re5 33. Qd6 Rc8 34.
Qf6+ Qxf6 35. Nxf6 Rxb5 36. Re8+ Rxe8 37. Nxe8 Rxa5 38. Re7 Kg8 39. Rxd7 Rxa3
40. Nd6 Kg7 41. Rxf7+ Kg6 42. Rc7 h5 43. Nc4 Ra2+ 44. Ke3 h4 45. Kf3 h3 46. Ne3
h2 47. Rc1 Ra5 48. Rh1 Rh5 49. Kg3 Rg5+ 50. Kxh2 Rh5+ 51. Kg2 Rxh1 52. Kxh1 Kg5
53. Nc4 Kf4 54. Kg2 Ke4 55. Na5 Kd5 56. f4 Kc5 57. Kf3 Kd5 1-0

[Event "65th ch-RUS HL w 2015"]
[Site "Kaliningrad RUS"]
[Date "2015.06.29"]
[Round "7.7"]
[White "Mirzoeva, Elmira"]
[Black "Kovanova, Baira"]
[Result "0-1"]
[WhiteTitle "WGM"]
[BlackTitle "WGM"]
[WhiteElo "2233"]
[BlackElo "2388"]
[WhiteFideId "4127951"]
[BlackFideId "4164083"]
[EventDate "2015.06.22"]

1. d4 Nf6 2. c4 e6 3. Nf3 Bb4+ 4. Nbd2 b6 5. a3 Bxd2+ 6. Qxd2 Bb7 7. e3 a5 8. b3
d6 9. Be2 O-O 10. O-O Nbd7 11. Bb2 Qe7 12. Rfd1 e5 13. dxe5 dxe5 14. b4 Rfd8 15.
Qc3 Ne4 16. Qb3 Ng5 17. Nxg5 Qxg5 18. f3 Nf8 19. h4 Qh5 20. Rxd8 Rxd8 21. Rd1
Ra8 22. bxa5 e4 23. Qb5 c5 24. Rf1 exf3 25. Bxf3 Bxf3 26. Rxf3 bxa5 27. Bc3 a4
28. Qc6 Rd8 29. Qxa4 Qxh4 30. Qb3 Ne6 31. Ba5 Rf8 32. Qd3 h6 33. a4 Ra8 34. Qc3
Qg4 35. Rf1 Qe2 36. Qd2 Qxc4 37. Ra1 Qg4 38. Kh1 h5 39. Qc3 h4 40. Bb6 h3 41.
gxh3 Qxh3+ 42. Kg1 Qg3+ 43. Kf1 Qf3+ 44. Kg1 Nf4 45. Ra2 Rxa4 0-1

[Event "65th ch-RUS HL w 2015"]
[Site "Kaliningrad RUS"]
[Date "2015.06.29"]
[Round "7.8"]
[White "Styazhkina, Anna"]
[Black "Tomilova, Elena"]
[Result "1-0"]
[WhiteTitle "WIM"]
[BlackTitle "WIM"]
[WhiteElo "2214"]
[BlackElo "2329"]
[WhiteFideId "24119300"]
[BlackFideId "4162340"]
[EventDate "2015.06.22"]

1. e4 c5 2. Nc3 a6 3. g3 b5 4. Bg2 Bb7 5. d3 g6 6. Be3 d6 7. Qd2 Bg7 8. a3 Nc6
9. f4 e6 10. Nf3 Nd4 11. O-O Ne7 12. Qf2 Qb6 13. Rae1 O-O 14. g4 b4 15. axb4
Qxb4 16. f5 Nec6 17. Ng5 Qxb2 18. f6 Bxf6 19. Nd1 Qxc2 20. Qxf6 Ne5 21. Nf2 Bc6
22. Bxd4 cxd4 23. Nf3 Nd7 24. Qxd4 Qc5 25. Qxc5 Nxc5 26. d4 Nb3 27. Rd1 a5 28.
e5 a4 29. Nd2 Bxg2 30. Kxg2 dxe5 31. dxe5 Ra5 32. Nxb3 axb3 33. Rfe1 f6 34. Rb1
Ra2 35. Rxb3 fxe5 36. Rf3 Rf4 37. h3 Kf7 38. Rxe5 Rxf3 39. Kxf3 Kf6 40. Re3 h6
41. Ne4+ Kf7 42. Nc5 Rh2 43. Kg3 Rc2 44. Nxe6 Rc4 45. Nf4 Rd4 46. Rd3 Ra4 47.
Rd7+ Ke8 48. Rh7 g5 49. Nd5 Ra3+ 50. Kg2 Rd3 51. Nc7+ 1-0

[Event "65th ch-RUS HL w 2015"]
[Site "Kaliningrad RUS"]
[Date "2015.06.29"]
[Round "7.9"]
[White "Makarenko, Alexandra"]
[Black "Gritsayeva, Oksana"]
[Result "0-1"]
[WhiteTitle "WFM"]
[BlackTitle "WFM"]
[WhiteElo "2262"]
[BlackElo "2321"]
[WhiteFideId "4165055"]
[BlackFideId "14104652"]
[EventDate "2015.06.22"]

1. e4 d6 2. d4 Nf6 3. Nc3 e5 4. dxe5 dxe5 5. Qxd8+ Kxd8 6. Bc4 Bb4 7. Bd2 Ke7 8.
Nf3 Nbd7 9. Nd5+ Nxd5 10. Bxd5 Bxd2+ 11. Kxd2 f6 12. Ke3 a5 13. a4 Nc5 14. Rhd1
Bg4 15. Bc4 c6 16. h3 Bxf3 17. Kxf3 Rhd8 18. b3 Rab8 19. Ke3 Rd6 20. Rxd6 Kxd6
21. Rd1+ Kc7 22. Ra1 Rd8 23. h4 b6 24. h5 h6 25. f3 Rb8 26. g3 Rd8 27. Rf1 Rd4
28. Ra1 Rd8 29. Rf1 Nb7 30. f4 Re8 31. Kf3 Nd6 32. Bd3 b5 33. axb5 cxb5 34. Re1
Kb6 35. Ra1 Re7 36. Ra2 Ra7 37. Ke3 a4 38. Ra3 Kc5 39. c3 Kb6 40. Kf3 axb3 41.
Rxb3 Kc5 42. Kg4 Ra2 43. Kf3 Ra4 44. Kg4 f5+ 45. exf5 e4 46. Be2 Ra2 47. Bf1 Ra1
48. Be2 Ra2 49. Bf1 Rf2 50. Rb1 Rh2 51. Rb4 e3 52. Bxb5 Nxb5 53. Re4 e2 54. Re3
Kc4 55. f6 gxf6 56. Kf5 Nxc3 57. Kg6 Kd4 58. Re8 Ne4 0-1

[Event "65th ch-RUS HL w 2015"]
[Site "Kaliningrad RUS"]
[Date "2015.06.29"]
[Round "7.10"]
[White "Vasilevich, Tatjana"]
[Black "Chkhan, Viktoria"]
[Result "1/2-1/2"]
[WhiteTitle "IM"]
[WhiteElo "2397"]
[BlackElo "2148"]
[WhiteFideId "14101610"]
[BlackFideId "4123107"]
[EventDate "2015.06.22"]

1. d4 Nf6 2. Nf3 c5 3. d5 b5 4. Bg5 Ne4 5. Bf4 Bb7 6. Qd3 f5 7. b3 Qa5+ 8. Nfd2
c4 9. Qd4 Na6 10. c3 Qb6 11. Qxb6 axb6 12. bxc4 Nac5 13. cxb5 Bxd5 14. a3 Ne6
15. Be3 N4c5 16. c4 Bb7 17. f3 g6 18. Bf2 Bg7 19. Ra2 O-O 20. e3 d6 21. Be2 Ra7
22. O-O Rfa8 23. Rc1 Kf8 24. Be1 f4 25. e4 Nd4 26. Kf1 g5 27. Bf2 Be5 28. Ke1
Kf7 29. Rd1 Nde6 30. Nf1 Ra4 31. Rc2 g4 32. Ra2 gxf3 33. gxf3 Rg8 34. Rdd2 h5
35. Rd1 Rga8 36. Rdd2 Rg8 37. Rd1 Rga8 38. Rdd2 Rg8 39. Rd1 1/2-1/2

[Event "65th ch-RUS HL w 2015"]
[Site "Kaliningrad RUS"]
[Date "2015.06.29"]
[Round "7.11"]
[White "Protopopova, Anastasiya"]
[Black "Rodionova, Daria"]
[Result "1/2-1/2"]
[WhiteTitle "WFM"]
[BlackTitle "WFM"]
[WhiteElo "2100"]
[BlackElo "2223"]
[WhiteFideId "24172073"]
[BlackFideId "24136638"]
[EventDate "2015.06.22"]

1. Nf3 c5 2. c4 Nc6 3. Nc3 g6 4. e3 Nf6 5. d4 cxd4 6. exd4 d5 7. cxd5 Nxd5 8.
Qb3 e6 9. Bc4 Nb6 10. Bb5 Bg7 11. Bg5 Qc7 12. O-O O-O 13. Rfd1 Bd7 14. Ne4 Na5
15. Qd3 Bxb5 16. Qxb5 Nd5 17. Rac1 Qb6 18. Qe2 Nc6 19. Nc5 Rfe8 20. Ne5 f6 21.
Nxc6 bxc6 22. Be3 Rad8 23. Qc2 Rc8 24. Re1 Qc7 25. Bd2 Kf7 26. Qd3 Re7 27. Qh3
Rce8 28. b4 e5 29. dxe5 Rxe5 30. Rxe5 Rxe5 31. b5 Ne7 32. Bf4 Rxc5 33. Rxc5 Qxf4
34. Qb3+ Kf8 35. bxc6 Qd6 36. Qc2 Qc7 37. h3 f5 38. Qc4 Be5 39. Qe6 Bd6 40. Qf6+
Kg8 41. Rc1 Nc8 42. Qe6+ Kf8 43. h4 Ne7 44. Rd1 Bc5 45. Qf6+ Ke8 46. Qh8+ Kf7
47. Qxh7+ Kf6 48. Qh8+ Kf7 49. Rd8 Qf4 50. Rf8+ Ke6 51. Qf6+ Kd5 52. Rd8+ Bd6
53. g3 Qe5 54. Qf7+ Kxc6 55. Qc4+ Bc5 56. Qa4+ Kb6 57. Qb3+ Kc6 58. Rd1 Qe2 59.
Qa4+ Kb6 60. Rb1+ Kc7 61. Qf4+ Kc6 62. Rc1 Nd5 63. Qd4 Qb5 64. a4 Qb4 65. Qe5
Qe4 66. Qb2 Qxa4 67. Qe2 Qe4 68. Qa6+ Nb6 69. Qf1 Qf3 70. Kh2 f4 71. Qe1 fxg3+
72. fxg3 Qd5 73. Qe8+ Kb7 74. Rf1 Qd2+ 75. Kh1 Qd5+ 1/2-1/2

[Event "65th ch-RUS HL w 2015"]
[Site "Kaliningrad RUS"]
[Date "2015.06.29"]
[Round "7.12"]
[White "Belenkaya, Dina"]
[Black "Zherebtsova, Alexandra"]
[Result "1-0"]
[WhiteTitle "WFM"]
[BlackTitle "WFM"]
[WhiteElo "2213"]
[BlackElo "2213"]
[WhiteFideId "24142654"]
[BlackFideId "24129518"]
[EventDate "2015.06.22"]

1. e4 e5 2. Nf3 Nc6 3. Nc3 Nf6 4. d4 exd4 5. Nxd4 Bb4 6. Nxc6 bxc6 7. Bd3 d5 8.
exd5 cxd5 9. O-O O-O 10. h3 h6 11. Qf3 Re8 12. Bf4 c6 13. Ne2 Ne4 14. c3 Bf8 15.
Rfe1 Bd7 16. Rad1 f5 17. Bc2 g5 18. Bh2 Bc5 19. Nd4 Rf8 20. Qd3 g4 21. hxg4 fxg4
22. Rxe4 dxe4 23. Qc4+ Rf7 24. Qxc5 Qf6 25. Bg3 Re7 26. Ne2 Rf8 27. Bb3+ Kh8 28.
Rxd7 1-0

[Event "65th ch-RUS HL w 2015"]
[Site "Kaliningrad RUS"]
[Date "2015.06.30"]
[Round "8.1"]
[White "Matveeva, Svetlana"]
[Black "Savina, Anastasia"]
[Result "1/2-1/2"]
[WhiteTitle "IM"]
[BlackTitle "IM"]
[WhiteElo "2366"]
[BlackElo "2422"]
[WhiteFideId "4119827"]
[BlackFideId "4196872"]
[EventDate "2015.06.22"]

1. d4 Nf6 2. c4 g6 3. g3 c5 4. d5 b5 5. cxb5 a6 6. bxa6 d6 7. Nc3 Bg7 8. Bg2 O-O
9. Nf3 Nbd7 10. O-O Nb6 11. Nd2 Bxa6 12. Qc2 Bb7 13. e4 Ba6 14. Rd1 Ng4 15. Nf3
Nc4 16. h3 Nge5 17. Nxe5 Nxe5 18. b3 c4 19. Be3 Qa5 20. Bd4 Rfc8 21. Qd2 Nd3 22.
Bxg7 Kxg7 23. bxc4 Bxc4 24. Ne2 Qxd2 25. Rxd2 Ra3 26. Nd4 Rca8 27. Nc6 Kf8 28.
Bf1 R8a4 29. Rb1 Nc5 30. Bxc4 Rxc4 31. Rb8+ Kg7 32. e5 Ne4 33. Rdb2 Ng5 34. exd6
exd6 35. Kg2 Ne4 36. R8b4 Rxb4 37. Nxb4 Ra5 38. Rc2 Nf6 39. Rd2 Ra4 40. Nc6 Ra6
41. Nb4 Ra4 42. Nc6 Ra6 43. Nb4 1/2-1/2